[Event "St. Louis Rapid & Blitz GCT"]
[Site "?"]
[Date "2019.08.13"]
[Round "15.5"]
[White "Dominguez Perez, Leinier"]
[Black "Aronian, Levon"]
[Result "1-0"]
[WhiteElo "2763"]
[BlackElo "2765"]
[EventDate "2019.??.??"]
[Annotator "Bojkov,Dejan"]
[PlyCount "61"]
[Beauty "8251705925678"]
[EventType "blitz"]

1.e4 e5 2.Nf3 Nc6 3.Bb5 Nf6 4.d3 {The Anti-Berlin looks like a better choice for blitz.} 4...Bc5 5.Bxc6 dxc6 6.Nbd2 Be6 7.O-O Bd6 ( {Just a few days ago a top-GM game saw:} 7...Nd7 8.Nb3 Bb6 9.Ng5 Bxb3 10.axb3 f6 11.Nf3 Nf8 12.Nd2 Qd7 13.Nc4 Ne6 14.Kh1 {Anand,V (2756)-Giri,A (2779) Amsterdam 2019} ) 8.Nb3 a5 $146 {Aronian tries to improve on the play of Dominguez.} ( {In his first U.S. championship he defended the black color with:} 8...Qe7 9.Na5 O-O-O 10.Bd2 Bg4 11.Rb1 Nd7 12.Nc4 Qf6 13.b4 Nf8 14.h3 Bxf3 15.Qxf3 Qxf3 16.gxf3 Ne6 {Robson,R (2667) -Dominguez Perez,L (2739) Saint Louis 2019} ) 9.Qe1 {White finds a good idea.} 9...a4 10.Na5 Qb8 ( {Worse is:} 10...Ra7 11.Be3 c5 12.b4 {with unpleasant pin.} ) 11.b4 {The point behind White's idea. Not only the knight is defended, but the bishop will get a chance to be developed on the long diagonal.} 11...Bg4 ( {White is better after:} 11...axb3 12.axb3 Nd7 13.Bb2 O-O 14.d4 ) ( {However, the immediate:} 11...O-O {was OK for the second player, as he needs not to worry aobut the possible knight jumps, as in the line:} 12.Bb2 Nd7 13.Ng5 Bg4 14.h3 ( {Or} 14.f3 Bh5 15.Nc4 ) 14...Bh5 15.g4 Bg6 {in both cases with reasonable position for Black.} ) 12.Nh4 O-O 13.Nc4 Be6 {It seems as Aronian has managed to equalize confortably, but the next strong move reveals he still has problems:} 14.Nxd6 $1 {In the opposite-colored bishop middlegame White can develop the initiative on the color of his "extra" bishop.} 14...cxd6 15.f4 exf4 $1 {The only move.} ( {Otherwise White will always have a pleasant choice of taking on e5 at a good moment, or advancing the f-pawn further:} 15...Re8 16.fxe5 ( 16.f5 ) 16...dxe5 17.Nf5 {with advantage for White.} ) 16.Bxf4 Re8 17.a3 ( {More accurate was:} 17.Nf3 {The idea is to meet the freeing d6-d5 advance the proper way. Say:} 17...Nh5 ( 17...h6 {will be met with} 18.c4 ) 18.Be3 d5 19.e5 $1 {Now White does not fear:} 19...Bg4 20.Qf2 Bxf3 21.Qxf3 Qxe5 22.Qxf7+ Kh8 23.Rae1 {with an edge for the first player.} ) 17...Nh5 18.Bd2 d5 {Otherwise White will quickly build pressure on the kingside.} 19.Qe2 ( {Here too:} 19.e5 {was possible but it promised White far less than in the line from above after:} 19...f6 20.Bc3 Qa7+ 21.Qf2 Qxf2+ 22.Rxf2 Rad8 23.Bd4 fxe5 24.Bxe5 Rf8 {White is somewhat better, but not as much as in the middlegame.} ) 19...Nf6 ( {Missing the firs chance to centralize the queen:} 19...Qe5 $1 {and prevent the kingside assault.} ) 20.Rxf6 $1 {Dominguez seizes his chance. At the top-level these are sacrifices which people do "by-the-hand," without much thinking. With the kingside weakened, and the lack of another defender on the dark squares, the attack runs by itself.} 20...gxf6 21.Rf1 dxe4 $2 {Now it is practically over.} ( {The last chance was the centralization (again!) with:} 21...Qe5 $1 {True, in this case Aronian should have found the neat resource:} 22.Qe1 c5 $3 ( {But not} 22...dxe4 23.Bc3 {When White will soon win on the dark-squares as in the game.} ) 23.bxc5 dxe4 {with the idea:} 24.Bc3 Qxc5+ 25.Kh1 exd3 {with huge complications.} ) 22.Bc3 Qd6 23.Bxf6 {The attack is irresistable. Form their comfortable positions the white pieces get closer and closer to the enemy king with every move.} 23...h6 24.Qh5 Kh7 25.Nf5 Qf8 ( {Or} 25...Bxf5 26.Qxf7# ) 26.dxe4 $1 {Dominguez knows that the black king is priority.} ( {White could have won enough material already to win without much ado:} 26.Bg7 Qxg7 27.Nxg7 Kxg7 28.Qe5+ {but the move in the game is more convincing.} ) 26...Rad8 27.Rf4 Rd2 28.Rg4 Rd1+ 29.Kf2 Rd2+ 30.Ke1 Rxc2 31.Bg7 1-0

[Event "St. Louis Rapid & Blitz GCT"]
[Site "?"]
[Date "2019.08.14"]
[Round "14"]
[White "Caruana, Fabiano"]
[Black "Carlsen, Magnus"]
[Result "1-0"]
[WhiteElo "2818"]
[BlackElo "2882"]
[EventDate "2019.??.??"]
[Annotator "Bojkov,Dejan"]
[PlyCount "123"]
[Beauty "6257410578976"]
[EventType "blitz"]

1.e4 e5 2.Nf3 Nc6 3.Bb5 f5 {Carlsen is never shy to try something different. He had only played this move twice before in his career, in 2008 and 2014.} 4.d3 {A modest, but unplesant move against the Schlieman. White does not intend to refute the opening but wants to exploit the weakening of the a2-g8 diagonal in the future.} 4...fxe4 5.dxe4 Nf6 6.O-O d6 7.Bc4 Bg4 ( 7...Nxe4 $4 8.Qd5 ) 8.h3 Bh5 9.Nc3 Qd7 ( {Caruana has experience in this line:} 9...Nd4 10.g4 Nxf3+ 11.Qxf3 Bg6 12.Be6 c6 13.Be3 Qe7 14.Bb3 {Caruana,F (2832) -Aronian,L (2765) London 2018} ) 10.Be3 Be7 11.a4 Rf8 $146 {A novelty, which will hardly attract followers.} ( 11...a6 12.Re1 Nb4 13.g4 Bxg4 14.hxg4 Qxg4+ 15.Kf1 Nxc2 16.Qxc2 Qxf3 17.Qd1 {and Black did not have enough for the piece, Hovhannisyan,R (2600)-Nisipeanu,L (2643) Dubai 2012} ) 12.Be2 $1 {This practically refutes the novelty. Black's main problem is that he cannot castle naturally. His bishop on h5 also starts to hang.} 12...Bxf3 {The world champion solved the problem of the bishop but this weakened the whole light-square complex.} ( 12...O-O-O $2 {would have lost at least a pawn due to the trick:} 13.Nxe5 $1 Bxe2 ( 13...Nxe5 14.Bxh5 {is a solid pawn up for White.} ) 14.Nxd7 Bxd1 15.Nxf8 {This is why the rook stands badly.} ) ( {The retreats of the bishop are not great neither:} 12...Bg6 13.Nh4 ) ( {Nor does:} 12...Bf7 13.Ng5 Bg8 14.Nd5 {promise Black easy life.} ) 13.Bxf3 Kf7 {At least Black can castle by hand.} 14.Nd5 Kg8 ( {Since:} 14...Nxd5 $2 {leads to immediate disaster after the intermediate move} 15.Bg4 $1 ) 15.a5 {Caruana has a clear edge and the obvious plan of improvement on the queenside.} 15...a6 16.c3 Kh8 17.Qb3 Nd8 ( {In case of:} 17...Rab8 18.Qc4 {followed by the advance of the b-pawn is passive and unpleasant for Black.} ) 18.Rad1 ( {Mor accurate was to place the other rook on the half-open file, as in the line:} 18.Rfd1 Nxd5 19.Bg4 Qb5 20.Qxb5 axb5 21.exd5 {The a-pawn is defended.} ) 18...Nxd5 ( {If Black waits:} 18...Rb8 {White will improve as in the line from above:} 19.Qc4 ) 19.Bg4 Qb5 20.Qxd5 {Here Caruana needs to sacrifice a pawn, but as the black queen is in a dangerous spot he preserves large advantage.} 20...Qxb2 21.Qc4 c6 22.Rb1 Qa3 23.Bb6 ( {Also good was:} 23.Ra1 d5 ( {Worse is:} 23...Qb2 24.Rfb1 Qc2 25.Bd1 d5 26.exd5 cxd5 27.Qc7 {when White wins a piece.} ) 24.exd5 cxd5 25.Qxd5 Qxc3 26.Rfc1 Qb4 27.Rab1 {White dominates.} ) 23...Nf7 ( {White is clearly bettter after:} 23...d5 24.exd5 cxd5 25.Qxd5 Qxc3 26.Rfc1 Qa3 27.Rc7 ) 24.Ra1 Qb2 25.Rfb1 d5 {Under pressure, the world champion blunders.} ( {The last chance was:} 25...Qc2 26.Re1 d5 27.exd5 Nd6 28.Qe2 Qxe2 29.Rxe2 cxd5 30.Rxe5 Bf6 31.Rxd5 Nc4 {with chances to survive, although the task would be very, very hard.} ) 26.Qd3 dxe4 27.Qd7 $1 {That is it! White wins a piece.} 27...Qxc3 28.Qxe7 Nh6 29.Be3 Rf7 30.Qe6 Raf8 31.Ra2 Nxg4 32.hxg4 Qd3 33.Qb3 {In the following phase of the game Caruana improves his pieces skillfully.} 33...Qd7 34.Qd1 Qe6 35.Rd2 h6 36.Rbb2 Kh7 37.Rd6 Qe7 38.g5 hxg5 39.Rbd2 Kg8 40.Qg4 Qc7 41.Bb6 Qe7 42.Be3 Qc7 43.Rd7 Qc8 44.Qe6 c5 45.Qc4 Qe8 46.Rxb7 {With the fall of this pawn everything collapses.} 46...Kh7 47.Rxf7 Rxf7 48.Qxa6 Qa4 49.Qe6 Qa1+ 50.Kh2 Rf6 51.Qg4 Qxa5 ( {Or:} 51...Rh6+ 52.Kg3 Qh1 53.Qxe4+ ) 52.Qxe4+ Kh6 {Leads to mate.} ( {But there were no chances after:} 52...Kg8 53.Bxg5 {neither.} ) 53.Qh4+ $1 Kg6 54.Qxg5+ Kh7 55.Qh5+ Kg8 56.Qe8+ Kh7 57.Rd8 Rf5 58.Qg8+ Kg6 59.Rd6+ Rf6 60.Qe8+ Kf5 61.Qh5+ Ke4 62.Qg4+ {One might conclude that, after the WWC in London, a a new playoff between the two "C's" would be a much more tense afair.} ( 62.Qg4+ Rf4 63.Bxf4 exf4 64.Qe6# ) 1-0

[Event "E World Cup"]
[Site "Khanty Mansiysk"]
[Date "2019.09.11"]
[Round "2.19"]
[White "Svidler, Peter"]
[Black "Albornoz Cabrera, Carlos Daniel"]
[Result "1-0"]
[WhiteElo "2729"]
[BlackElo "2581"]
[EventDate "2019.??.??"]
[Annotator "Bojkov,Dejan"]
[PlyCount "41"]
[Beauty "8247679403594"]
[EventType "schev"]
[EventRounds "3"]
[EventCountry "RUS"]

1.e4 c5 2.Nf3 Nc6 3.Bb5 d6 4.O-O Bd7 5.Re1 Nf6 6.c3 a6 7.Bf1 Bg4 8.d4 {A topical, sharp line.} 8...Bxf3 ( {The main line remains} 8...cxd4 9.cxd4 {when Black has two principally different tries to fight for the center:} 9...d5 {Black received a recent blow in the variation at the top-level game played in July:} ( {Or} 9...e5 10.d5 Nd4 {which led to favorable Ruy Lopez type of position for White in the following game:} 11.Be3 Nxf3+ 12.gxf3 Bd7 13.Nd2 b5 14.a4 Be7 15.axb5 axb5 16.Rxa8 ( 16.Qb3 $5 ) 16...Qxa8 17.Nb3 {with some advantage for White in Anand,V (2776)-Gharamian,T (2626) Bastia 2016} ) ( 9...Bxf3 {would transpose into the game.} ) 10.exd5 Nxd5 11.Nc3 e6 12.h3 Bh5 13.g4 Bg6 14.Nxd5 Qxd5 15.Bg2 O-O-O ( 15...Bb4 $5 {Firouzja.} ) 16.Ne5 Qxd4 17.Qf3 {and White had a dangerous attack which he duly converted, Giri,A (2779) -Mamedyarov,S (2774) Zagreb 2019} ) 9.gxf3 cxd4 10.cxd4 d5 11.e5 ( 11.Nc3 e6 12.Bg5 Be7 13.Bxf6 Bxf6 14.exd5 Nxd4 15.Re4 Nf5 {was pointed out to Svidler after the game as theory that he wasn't aware of.} ) 11...Nh5 {If Black gets the tempo to block the position he will even be better, but there is no time for that.} 12.e6 $1 g6 13.Nc3 f5 $6 {"A very large present." - Svidler.} ( {Svidler pointed out that} 13...Bg7 14.exf7+ Kxf7 15.Bh3 Nxd4 16.Be3 Nf5 17.Nxd5 e6 {was quite playable for Black.} ) ( 13...Ng7 14.Bh3 Nxe6 15.Rxe6 $1 fxe6 16.Bxe6 Bg7 17.Be3 Qd6 18.Nxd5 {is another line from Svidler.} ) 14.Qb3 Nxd4 $146 {Albornoz might have mixed something in his memory.} ( {A predecessor saw:} 14...Bg7 15.Qxb7 Nxd4 {when Svidler had a choice to improve on that played game later:} 16.Nxd5 ( {Or at once with} 16.Rd1 $5 ) 16...Rb8 {Now instead of the blunder} 17.Qa7 $4 ( {White could have headed instead for a small but stable advantage in the endgame after:} 17.Qd7+ Qxd7 18.exd7+ Kxd7 19.Rxe7+ Kd6 20.Be3 Kxd5 21.Rd1 ) 17...Nxf3+ 18.Kh1 Nxe1 {when Black was winning, Kristjansson,S (2478)-Koop,T (2416) Reykjavik 2016} ) 15.Qxb7 Rb8 ( 15...Bg7 16.Rd1 O-O {Svidler} 17.Nxd5 ) 16.Qxa6 Nxf3+ 17.Kh1 Qc7 $2 {With the bishop on f8 blocking the king this loses!} ( {Obviously, there is no time to pick up the rook:} 17...Nxe1 18.Qc6+ Qd7 19.Qxd7# ) ( {However, it is also a bit too late for:} 17...Bg7 18.Qc6+ Kf8 19.Rd1 Nd4 20.Qxd5 Qxd5+ 21.Nxd5 {When Black has to settle for a gloomy endgame with} 21...Nxe6 ( {As} 21...Nc2 22.Rb1 Na3 {does not force repetition due to the beautiful shot} 23.Nb6 $1 Nxb1 24.Nd7+ Ke8 25.Nxb8 {and White wins.} ) 22.a4 {The bishop pair and the outside passers make Black's defensive task close to impossible. But this was Black's best choice.} ) 18.Qa4+ $1 {Now the king has to stay in the center.} ( {Avoiding} 18.Bb5+ Kd8 19.Kg2 Nxe1+ 20.Kf1 ) ( {However, the moves could have been transposed:} 18.Bf4 $1 ) ( {Svidler looked at the beautiful} 18.Re5 {when the only move} 18...Bg7 $1 {is winning for Black.} ) 18...Kd8 19.Bf4 $1 {whereas White can save-guard his own royalty.} 19...Nxf4 ( 19...Qxf4 20.Qd7# ) 20.Nb5 {Black's coordination is lost and as long as he is not delivering, he is receiving mate.} 20...Qb6 ( {Or:} 20...Rxb5 21.Bxb5 Nxe1 22.Bd7 $1 {with unstoppable mate.} ) ( 20...Qb7 21.Rac1 ( 21.Na7 $1 ) ) 21.Nd4 $1 {One last pretty move before the curtains fall.} ( 21.Nd4 {The finish could have been:} 21...Qc7 ( {Or:} 21...Qb7 22.Nc6+ Kc7 23.Qxf4+ Kxc6 24.Rac1+ Kb6 25.Qb4+ Ka7 26.Qa5+ Qa6 27.Qxa6# ) ( {Nothing changes:} 21...Rb7 22.Nc6+ Kc7 23.Qxf4+ Kxc6 24.Rac1+ ) 22.Nc6+ Kc8 {Now the most convincing is the cool:} 23.Rac1 ( {Although} 23.Ba6+ Rb7 24.Bxb7+ Qxb7 25.Na5 {would also do.} ) ) 1-0

[Event "E World Cup"]
[Site "Khanty Mansiysk"]
[Date "2019.09.12"]
[Round "4.16"]
[White "Nabaty, Tamir"]
[Black "Sethuraman, SP."]
[Result "1-0"]
[WhiteElo "2658"]
[BlackElo "2624"]
[EventDate "2019.??.??"]
[Annotator "Bojkov,Dejan"]
[PlyCount "73"]
[Beauty "7908112528402"]
[EventType "schev"]
[EventRounds "3"]
[EventCountry "RUS"]

1.d4 ( {Another move order that may transpose to the same line runs:} 1.e4 c5 2.c3 d5 3.d3 g6 4.Nd2 Bg7 5.Ngf3 Nc6 6.Be2 Nf6 7.O-O dxe4 8.dxe4 O-O 9.Qc2 b6 10.Nc4 Qc7 {1/2 Sedlak,N (2568)-Miladinovic,I (2604) Mataruska Banja 2008} ) 1...Nf6 2.Nf3 d6 3.Nbd2 g6 4.e4 Bg7 5.c3 {Nabaty needs a draw and does not mind a solid central setup.} 5...O-O 6.a4 c5 7.dxc5 dxc5 8.Be2 Nc6 9.O-O Qc7 10.Qc2 b6 11.Nc4 Bb7 12.Bg5 Rad8 13.Rfd1 h6 14.Bh4 Nh5 {Everything is very logical. The only active square for the bishop is g5, but it can be easily traded there. True, Black needs to weaken himself.} 15.Ne3 g5 16.Nd5 Qc8 $146 ( {Curiously, this all had been seen before:} 16...Qb8 17.Bxg5 hxg5 18.Nxg5 Qe5 19.h4 Nf4 20.Bc4 e6 21.g3 {with a mess, Sirotine,K (2388)-Iskusnyh,S (2520) St Petersburg 2006} ) 17.Bg3 Nxg3 ( 17...e6 18.Ne3 {would most likely transpose as White threatens to save the bishop.} ) 18.hxg3 e6 19.Ne3 Ne7 {Sethuraman skilfully maneuvers with his pieces.} 20.Rxd8 {Nabaty feels that his opponent makes progress and decides to trade the potentially dangerous black rooks.} ( {Maybe White should have tried the more solid} 20.Nd2 Qc7 21.a5 {in order to get rid of this potential weakness.} ) 20...Rxd8 21.Rd1 Rxd1+ 22.Bxd1 Qc6 {The most obvious move is inaccuracy.} ( {So far Black has played quite well and could have started grinding his opponent with} 22...Bc6 $1 23.Nd2 Ng6 {Next the knight will get to e5 and later c5-c4 will be in the cards. The two bishops can become a weapon in the future.} ) 23.Qd3 $1 {The tactical point. Nabaty had probably seen this before the trade of the rooks.} ( {Otherwise Black is enjoying himself after} 23.Nd2 Ng6 ) 23...Qxe4 ( {It was not too late to switch to "grinding mode" with} 23...Qc7 24.Bc2 Ng6 {when Black is somewhat better, but would that be enough for the point?} ) 24.Qd8+ {Now White achieves maximum activity:} 24...Bf8 25.Bc2 Qc6 26.Ng4 Kg7 27.Nf6 ( {Objectively better was:} 27.Nxh6 {As after} 27...f5 ( {White is slightly better after} 27...f6 28.Ng4 ) 28.g4 $1 {The knight not only is not trapped, but will have strong influence in the attack.} ) 27...Qc8 28.Nh5+ Kh8 {Sethuraman needs to risk.} ( {After} 28...Kg8 29.Nf6+ Kh8 30.Qd3 ( {White can also venture into an endgame:} 30.Ne5 $6 Qxd8 31.Nxf7+ Kg7 32.Nxd8 Kxf6 33.Nxb7 Nc6 {but this is really risky with his knight stuck on b7.} ) 30...Nf5 31.g4 c4 32.Qe2 {White has dangerous threats and easier play as well, although the computer claims equality.} ) 29.Ne5 f5 {Probably a mistake.} ( {But the problem is how to play and win the position after} 29...Qxd8 30.Nxf7+ Kg8 31.Nxd8 Bd5 32.Nf6+ Kh8 ) 30.Qd6 ( {There was a pleasant alternative:} 30.Ng6+ Nxg6 31.Qf6+ Kh7 32.Qf7+ Kh8 33.Nf6 Bg7 34.Qxg6 Bxf6 35.Qxf6+ {with an attack.} ) 30...Bd5 ( 30...c4 31.g4 $1 {does not stop the attack.} ) 31.c4 Bc6 ( {Black would lose a piece in the line:} 31...Nc6 32.Ng6+ Kg8 33.Nxf8 Qxf8 34.Qxf8+ Kxf8 35.cxd5 ) 32.Nf7+ Kh7 ( {Black should not survive after} 32...Kg8 33.Nd8 {either.} ) 33.Nd8 Kg6 {Finally, the king will trap the knight, but it will be surrounded by pieces itself:} 34.Nxe6 Kxh5 35.Ng7+ $1 Bxg7 36.g4+ $1 fxg4 ( {Or} 36...Kxg4 37.Bd1+ Kh4 38.Qg3# ) 37.Qh2# 1-0